[Event "China zt 3.5"]
[Site "Daqing"]
[Date "2018.08.13"]
[Round "2"]
[White "Sun, Chao"]
[Black "Bao, Chen"]
[Result "1-0"]
[WhiteElo "2034"]
[BlackElo "1462"]
[PlyCount "77"]
[EventDate "2018.08.13"]
[EventType "swiss"]
[EventRounds "11"]
[EventCountry "CHN"]
[SourceTitle "CBM 186 Extra"]
[Source "ChessBase"]
[SourceDate "2018.08.24"]
[SourceVersion "1"]
[SourceVersionDate "2018.08.24"]
[SourceQuality "1"]

1. Nf3 Nf6 2. c4 g6 3. b3 Bg7 4. Bb2 0-0 5. g3 d5 6. cxd5 Nxd5 7. Bxg7 Kxg7 8. Bg2 c5 9. 0-0 Nc6 10. d4 cxd4 11. Nxd4 Nxd4 12. Qxd4+ Nf6 13. Qe5 Kg8 14. Nc3 Ng4 15. Qe4 Bf5 16. Qxb7 Qd2 17. Nd5 e6 18. Ne7+ Kh8 19. e4 Qh6 20. h3 Rab8 21. Qxa7 Bxe4 22. Qd4+ e5 23. Qxe4 f5 24. Qe2 Qg7 25. Nxg6+ hxg6 26. hxg4 fxg4 27. Qxg4 Rf5 28. Be4 Rf6 29. Kg2 Kg8 30. Bd5+ Kf8 31. Rac1 Rf5 32. Be4 Rf6 33. Rc8+ Rxc8 34. Qxc8+ Ke7 35. Qc7+ Kf8 36. Qd8+ Kf7 37. Bd5+ Re6 38. Rc1 Qh6 39. Rc7# 1-0